Educacão e vida urbana (Record no. 44887)

MARC details
000 -Etiqueta do registo
Valores 00961nam a2200265 4500
010 ## - Número ISBN
ISBN 97898998504194
021 ## - Número do Depósito Legal
Número 353832/13
100 ## - Dados gerais de processamento
Dados gerais 20130621d2013 m y0pory50030103ba
101 1# - Língua de publicação
Língua poreng
102 ## - País de publicação
País PT
200 1# - Titulo e menção de responsabilidade
Título próprio Educacão e vida urbana
Primeira menção de responsabilidade Congresso da Associação Internacional das Cidades Educadoras
Informação de outro título 20 anos de cidades educadoras
Outras menções de responsabilidade Eulália Bosh... [et al.]
-- trad. Janice Lapeyre... [et al.]
210 #9 - Publicação
Local de publicação [S.L.]
Nome do editor E. Bosh,
Data de publicação D.L. 2013
215 ## - Descrição física 
Paginação / Volumes 334 p.
Dimensões 24 cm
675 ## - CDU
Notação 37.014(042)
Edição BN
Língua por
675 ## - CDU
Notação 316.72/.74(042)
Edição BN
Língua por
675 ## - CDU
Notação 711.4(042)
Edição BN
Língua por
675 ## - CDU
Notação 061.3
Edição BN
Língua por
702 #1 - Autor secundário
Apelido Lapeyre,
Nome Janice
Função 730
702 #1 - Autor secundário
Apelido Bosh,
Nome Eulália,
Datas 1949-
Função 340
710 ## - Autor entidade principal
Subdivisão Congresso da Associação Internacional das Cidades Educadoras
Número do grupo-eventual 10.º
801 #0 - Fonte de origem
País PT
Agência BN
Regras de catalogação RPC
856 41 - Localização e acesso electrónico 
URL <a href="http://rnod.bnportugal.gov.pt/ImagesBN/winlibimg.aspx?skey=&doc=1842419&img=31130&save=true">http://rnod.bnportugal.gov.pt/ImagesBN/winlibimg.aspx?skey=&doc=1842419&img=31130&save=true</a>
990 ## - Elementos KOHA
Tipo de documento Livro
Holdings
Aquisição Empréstimo Código de barras Cota Permissão de empréstimo Tipo de documento
Biblioteca Municipal de Redondo Biblioteca Municipal de Redondo 055063 37 CON   Livro

Powered by Koha